Andrés Eloy Blanco : (Record no. 15313)
[ view plain ]
| 000 -CABECERA | |
|---|---|
| campo de control de longitud fija | 01023cam a2200265 a 4500 |
| 001 - NÚMERO DE CONTROL | |
| campo de control | 000015765 |
| 005 - FECHA Y HORA DE LA ÚLTIMA TRANSACCIÓN | |
| campo de control | 20240305130215.0 |
| 008 - DATOS DE LONGITUD FIJA--INFORMACIÓN GENERAL | |
| campo de control de longitud fija | 840203s1981 ve 000 0 spa d |
| 040 ## - FUENTE DE LA CATALOGACIÓN | |
| Centro catalogador/agencia de origen | DO-SdBNP |
| Lengua de catalogación | spa |
| Centro/agencia transcriptor | DLC |
| Centro/agencia modificador | BNPHU |
| 082 ## - NÚMERO DE LA CLASIFICACIÓN DECIMAL DEWEY | |
| Número de clasificación | 320.987 |
| Número de documento/Ítem | B641a, 1981 |
| 049 ## - FONDOS LOCALES (OCLC) | |
| Fondos de biblioteca | BNGR |
| 100 1# - ENTRADA PRINCIPAL--NOMBRE DE PERSONA | |
| Nombre de persona | Blanco, Andrés Eloy, |
| Fechas asociadas al nombre | 1898-1955 |
| 9 (RLIN) | 3991 |
| 245 10 - MENCIÓN DE TÍTULO | |
| Título | Andrés Eloy Blanco : |
| Resto del título | parlamentario / |
| Mención de responsabilidad, etc. | Andrés Eloy Blanco ; compilación y selección de Luis Pastori ; prólogo de Luis B. Prieto F. |
| 250 ## - MENCIÓN DE EDICIÓN | |
| Mención de edición | 2a ed. |
| 260 ## - PUBLICACIÓN, DISTRIBUCIÓN, ETC. | |
| Lugar de publicación, distribución, etc. | Caracas, Venezuela : |
| Nombre del editor, distribuidor, etc. | Centauro, |
| Fecha de publicación, distribución, etc. | 1981. |
| 300 ## - DESCRIPCIÓN FÍSICA | |
| Extensión | v. ; |
| Dimensiones | 22 cm. |
| 500 ## - NOTA GENERAL | |
| Nota general | La biblioteca sólo posee el volumen 1. |
| 600 14 - PUNTO DE ACCESO ADICIONAL DE MATERIA--NOMBRE DE PERSONA | |
| Nombre de persona | BLANCO, ANDRÉS ELOY |
| Subdivisión cronológica | 1896-1955 |
| Subdivisión general | DISCURSOS |
| 9 (RLIN) | 4505 |
| 651 #4 - PUNTO DE ACCESO ADICIONAL DE MATERIA--NOMBRE GEOGRÁFICO | |
| Nombre geográfico | Venezuela |
| Subdivisión general | Política Y Gobierno |
| Subdivisión cronológica | 1935-1958 |
| 9 (RLIN) | 3993 |
| 651 #4 - PUNTO DE ACCESO ADICIONAL DE MATERIA--NOMBRE GEOGRÁFICO | |
| Nombre geográfico | Venezuela |
| Subdivisión geográfica | Discursos Parlamentarios |
| 9 (RLIN) | 35476 |
| 650 #4 - PUNTO DE ACCESO ADICIONAL DE MATERIA--TÉRMINO DE MATERIA | |
| Término de materia o nombre geográfico como elemento de entrada | Políticos venezolanos |
| 9 (RLIN) | 4506 |
| 700 1# - PUNTO DE ACCESO ADICIONAL--NOMBRE DE PERSONA | |
| Nombre de persona | Pastori, Luis, |
| Término indicativo de función/relación | comp. |
| 9 (RLIN) | 4507 |
| 700 1# - PUNTO DE ACCESO ADICIONAL--NOMBRE DE PERSONA | |
| Nombre de persona | Prieto F., Luis B., |
| Fechas asociadas al nombre | 1902-1993 |
| Forma completa/desarrollada del nombre | (Luis Beltrán Prieto Figueroa), |
| Término indicativo de función/relación | pról. |
| 9 (RLIN) | 83787 |
| 910 ## - DATOS DE OPCIÓN DEL USUARIO (OCLC) | |
| Datos de opción del usuario | WM |
| Estado de retiro | Estado de pérdida | Restricciones de uso | No para préstamo | Código de colección | Localización permanente | Ubicación/localización actual | Ubicación en estantería | Fecha de adquisición | Número de inventario | Total de préstamos | Signatura topográfica completa | Código de barras | Fecha visto por última vez | Precio válido a partir de | Tipo de ítem Koha |
|---|---|---|---|---|---|---|---|---|---|---|---|---|---|---|---|
| Monografías: Libros y Folletos | General | General | Depósito | 17.02.2010 | LF1 | 320.987 B641a, 1981 | v.1 | 15765-10 | 25.06.2020 | 25.06.2020 | Préstamo en sala |
